Регионална библиотека "Любен Каравелов" - Русе

Полковник ОЗ Петър Папазов на 80 години (Запис номер 78991)

MARC детайли
000 -Лидер
Контролно поле с фиксирана дължина 01421nam a2200349 c 4500
003 - Код на организацията, давaща контролен номер
Контролно поле BLK
005 - Дата и час на последна редакция
Контролно поле 20180420224419.0
008 - Елементи от данни с фиксирана дължина
fixed length control field 180408b bul|||||r ||||||| ||bul||
010 ## - Наследен системен номер
LC control number KNG00083459000
040 ## - Източник на каталожния запис
Идентификатор на билиотеката - собственик на записа BLK
041 ## - Код за език
Код за езика на текст/звукозапис или на отделно заглавие Български
Код за езика КДБФ Български
080 ## - УДК
Текстов определител УДК Военна история - Военни походи, битки, героични подвизи. Вж и 93/99
УДК код - определител по УДК 355.48
УДК определител (497.2)(092)(093.3)
УДК - код + определител 355.48(497.2)(092)(093.3)
080 ## - УДК
Текстов определител УДК Български офицер - Русенско военно окръжие
УДК код - определител по УДК 929 Папазов, Петър Стоянов
УДК определител
УДК - код + определител 929 Папазов, Петър Стоянов
100 1# - Редна дума - Автор
Автор Гагов, Атанас
Авторска отговорност първи автор
R(LIN) 273257
139 ## - Редно поле
Редна дума Гагов, Атанас
Авторски знак Пап - П 21
245 10 - Сведения за заглавието
Заглавие Полковник ОЗ Петър Папазов на 80 години
Редно поле (дума) Атанас Гагов.
257 ## - Страна на издаване
Страна на създаване/издаване България
260 ## - Област на издателските данни
-- Русе
Име на издателя, разпространителя и проч. Изд. авт.
Година на издаване 2007
300 ## - Физическа характеристика
Страници 32 с.
Илюстрации и др. със сн.
Размери/Мащаб 21 см
380 ## - Жанр
Жанр Обществени науки
600 14 - Име на лице, използвано като предмет
За него / За нея Папазов, Петър Стоянов
9 (RLIN) 298981
650 #4 - Допълнително описание по предмет – тема
Основно описание – тема или топоним Офицери, български - спомени
9 (RLIN) 246457
651 #4 - Допълнително описание по предмет - топоним
Географско понятие Русе
9 (RLIN) 179462
653 ## - Ключова дума – ненормативна
Ключова дума Петър Папазов
653 ## - Ключова дума – ненормативна
Ключова дума български офицери
653 ## - Ключова дума – ненормативна
Ключова дума Военно окръжие
852 ## - Местоположение
Форматна сигнатура Цб 239825
856 4# - Електронен адрес и достъп
Електронен формат pdf - файл
Път до файла /url/
856 4# - Електронен адрес и достъп
Електронен формат pdf - файл
Път до файла /url/
942 ## - АРТИКУЛИ
Вид на библиотечния материал Книги
Скрит в OPAC Не
944 ## - СЪЗДАВАНЕ И РЕДАКЦИЯ на ЗАПИСА
Създаване/Редакция Създаване
Дата на регистрацията/редакция 23.04.2008
Служител, извършил регистрацията/редакцията Людмила_Стоянова
944 ## - СЪЗДАВАНЕ И РЕДАКЦИЯ на ЗАПИСА
Създаване/Редакция Редакция
Дата на регистрацията/редакция 25.04.2008
Служител, извършил регистрацията/редакцията
999 ## - СИСТЕМНИ КОНТРОЛНИ НОМЕРА
Koha biblionumber 78991
Koha biblioitemnumber 78991
Наличности
Код за отписване Код за изгубен артикул Източник на класификационната схема Код за повреда Коз за рестрикции Код за отдаване Артикулен № Име на библиотеката - собственик Име на библиотеката, в която се намира в момента Статус (Текущо местоположение) Дата на вписване в системата Местоположение - отдел Цена в лева Инвентарен номер Систематично азбучна сигнатура Баркод Номер на екземпляра Цена в евро Служебна бележка Служебен тип на артикула
Изтеглен Не е изгубен Universal Decimal Classification Не е повреден без рестрикции заемане за дома 127754 Регионална библиотека "Любен Каравелов" Русе Регионална библиотека "Любен Каравелов" Русе Заемна - подръчен фонд 2008-04-22 Заемна - подръчен фонд 4.00 120000725883 П 355.48(092)/П 21 120000725883 1 2.05 Дост: DA Вид: А N: 7 Дата: 22.04.2008 Дата инв: 02.02.2015 Бележки инв: П2015 Книги
  Не е изгубен   Не е повреден без рестрикции ползва се в читалня 127755 Регионална библиотека "Любен Каравелов" Русе Регионална библиотека "Любен Каравелов" Русе Краезнание 2008-04-22 Краезнание 4.00 120000725884 К 355/359/П 21 120000725884 2 2.05 Дост: DA Вид: А N: 7 Дата: 22.04.2008 Дата инв: 09.11.2017 Бележки инв: К2017 Книги
Vip Innovations Ltd, Rousse, Bulgaria 2025